Социальная и религиозная история евреев. Т. 6: Раннее Средневековье (500-1200): законы, толкования и Писание (Запись № 11562758)

Подробности
000 -МАРКЕР
контрольное поле 01652nam2a2200289 i 4500
001 - ИДЕНТИФИКАТОР ЗАПИСИ
контрольное поле RU\NLR\BIBL_A\011130008
005 - ИДЕНТИФИКАТОР ВЕРСИИ
контрольное поле 20260409080504.0
010 ## - МЕЖДУНАРОДНЫЙ СТАНДАРТНЫЙ НОМЕР КНИГИ (ISBN)
Номер (ISBN) 9785995304153
Тираж 1000
021 ## - НОМЕР ГОСУДАРСТВЕННОЙ РЕГИСТРАЦИИ
Код страны Российская Федерация
Номер 2016-34531
Номер Листа государственной регистраци 2217
035 ## - ДРУГИЕ СИСТЕМНЫЕ НОМЕРА
Идентификатор записи (NLR Aleph) 011130008
100 ## - ДАННЫЕ ОБЩЕЙ ОБРАБОТКИ
Данные общей обработки 20160517d2016 k y0rusy50 ca
101 1# - ЯЗЫК РЕСУРСА
Язык текста, звукозаписи и т.д. русский
Язык оригинала английский
102 ## - СТРАНА ПУБЛИКАЦИИ ИЛИ ПРОИЗВОДСТВА
Страна публикации Российская Федерация
105 ## - ПОЛЕ КОДИРОВАННЫХ ДАННЫХ: ТЕКСТОВЫЕ МАТЕРИАЛЫ, МОНОГРАФИЧЕСКИЕ
Кодированные данные о монографическом текстовом документе y z 001yy
200 1# - ЗАГЛАВИЕ И СВЕДЕНИЯ ОБ ОТВЕТСТВЕННОСТИ
Основное заглавие Раннее Средневековье (500-1200): законы, толкования и Писание
Параллельное заглавие High Middle Ages, 500-1200: laws, homilies, and the Bible
Первые сведения об ответственности [пер. с англ. Любови Черниной]
Язык параллельного заглавия английский
210 ## - ПУБЛИКАЦИЯ, РАСПРОСТРАНЕНИЕ И ДР.
Дата издания, распространения и т.д. 2016
215 ## - ФИЗИЧЕСКАЯ ХАРАКТЕРИСТИКА
Специфическое обозначение материала и объем 503, [1] с.
320 ## - ПРИМЕЧАНИЯ О НАЛИЧИИ В ДОКУМЕНТЕ БИБЛИОГРАФИИ / УКАЗАТЕЛЯ
Текст примечания Библиогр. в примеч.: с. 281-481 и в подстроч. примеч.
320 ## - ПРИМЕЧАНИЯ О НАЛИЧИИ В ДОКУМЕНТЕ БИБЛИОГРАФИИ / УКАЗАТЕЛЯ
Текст примечания Указ. в конце кн.
461 #0 - УРОВЕНЬ НАБОРА
Встроенное поле 001RU\NLR\bibl\2011227
-- 2001#$aСоциальная и религиозная история евреев$dSocial and religious history of the Jews$e[в 18 т.]$fСало У. Барон$g[пер. с англ. Виктора Гопмана]$zeng$vТ. 6
-- 700#1$aБарон$bС. У.$f1895-1989$gСало Уиттмайер$4070
Системный номер (АБИС) связанной записи 4342496
Автор Барон, С. У. (1895-1989)
Место публикации Москва
Дата публикации 2012
Первые сведения об ответственности Сало У. Барон
Параллельное заглавие Social and religious history of the Jews
Имя издателя, распространителя и т.д. Книжники
Сведения, относящиеся к заглавию [в 18 т.]
Заглавие Социальная и религиозная история евреев
ISBN 9785995302193
Номер тома Т. 6
500 ## - УНИФИЦИРОВАННОЕ ЗАГЛАВИЕ
Унифицированное заглавие Библия
-- rus
Графика поля Кириллица
Идентификатор авторитетной / нормативной записи RU\NLR\AUTH\553047
Системный номер авторитетной/нормативной записи 2631014
510 1# - ПАРАЛЛЕЛЬНОЕ ЗАГЛАВИЕ
Параллельное заглавие High Middle Ages, 500-1200: laws, homilies, and the Bible
Язык заглавия английский
942 ## - ДОПОЛНИТЕЛЬНЫЕ ЭЛЕМЕНТЫ ЗАПИСИ (АБИС)
Тип экземпляра АБИС Книга
980 ## - КОЛЛЕКЦИЯ
Название коллекции НБР

Нет доступных экземпляров.